000 00423nam a2200169Ia 4500
005 20250508151109.0
008 008 250505s9999 xx 000 0 eng d
037 _aTextual
040 _aFEDL
_beng
_cFEDL
041 _aeng
_2eng
084 _a912, PHI
_qFEDL
100 _aGoodall G
_992902
245 0 _aPhilips' record atlas
300 _a128p.
942 _cTEXL
_h912, PHI
999 _c1327565
_d1327565